Raccolta di esercizi e di temi in correlazione alla grammatica francese dell'uso moderno. 8 edizione riveduta e corretta

Gespeichert in:
Bibliographische Detailangaben
1. Verfasser: De Anna, Luigi <n.1876>.
Format: Buch
Sprache:Italienisch
Erschienen: Roma Albrighi 1935
Katalog:EDISCO:  Suchergebnis im Bibliothekskatalog
Schulbuchspezifische Eigenschaften:
Tags: Tag hinzufügen
Keine Tags, Fügen Sie den ersten Tag hinzu!
Hinzugefügt zu:30.04.2016
Geändert in:04.10.2017

MARC

LEADER 00000aam a22000007 4500
001 19096
003 OSt
005 20171004090242.0
008 160501s1935 it 000 0 ita
040 |c Paola Zonca - Torino - SBN 
041 1 |a ita 
100 1 |a De Anna, Luigi <n.1876>. 
245 0 0 |a Raccolta di esercizi e di temi in correlazione alla grammatica francese dell'uso moderno. 8 edizione riveduta e corretta 
260 |a Roma  |b Albrighi  |c 1935 
300 |a 8. p. 319., ;  
510 3 |a L. 11. 
901 |a 7 
700 1 |a De Anna, Luigi <n.1876>. 
852 |a SBN 
942 |2 ddc  |c BK 
546 |a ita 
999 |c 19085  |d 19085 
999 |c edisco:19085  |d 19085